| 000 | 00457nam a2200181Ia 4500 | ||
|---|---|---|---|
| 001 | 68769 | ||
| 008 | 150918s9999 xx 000 0 und d | ||
| 020 | _a9781608071531 | ||
| 040 | _cPK-LaUMT | ||
| 082 |
_a 621.3815 _bDEH-D |
||
| 100 | _aDehghani, Rasoul | ||
| 245 |
_aDesign of CMOS operational amplifiers _cDehghani, Rasoul |
||
| 260 |
_aBoston,USA: _bArtech House, _c2013 |
||
| 300 | _a198 p. | ||
| 546 | _aEN | ||
| 650 | _aDesign-CMOS | ||
| 942 | _cBK | ||
| 999 |
_c76342 _d76342 |
||